| 000 | 00537nam a2200181 a 4500 | ||
|---|---|---|---|
| 001 | 5916 | ||
| 003 | CDMR | ||
| 005 | 20131009172304.0 | ||
| 008 | 130220s1998||||||||||||||||||||||||||||d | ||
| 020 | _a8432044253 | ||
| 040 |
_aCDMR _bcat _cCDMR |
||
| 100 | 1 |
_aSaenz Guerrero, Horacio _9399 |
|
| 245 | 1 | 0 |
_aFuego sin sangre _cHoracio Saénz Guerrero ; prólogo de Emilio Romero ; epílogo de Augusto Assía |
| 260 |
_aBarcelona _bPlaneta _c1998 |
||
| 300 |
_a248 p ; _c16 cm |
||
| 650 |
_aPeriodistes catalans _vBiografies _94 |
||
| 942 |
_cMON _2udc |
||
| 999 |
_c5916 _d5916 |
||